[Event "Maastricht Limburg op-C 8th"]
[Site "Maastricht"]
[Date "2014.06.09"]
[Round "7"]
[White "Mertens, Yannick"]
[Black "Schrijvers, Kees"]
[Result "1-0"]
[WhiteElo "1711"]
[BlackElo "1497"]
[PlyCount "127"]
[EventDate "2014.06.06"]
[EventType "swiss"]
[EventRounds "7"]
[EventCountry "NED"]
[SourceTitle "EXT 2015"]
[Source "ChessBase"]
[SourceDate "2014.11.20"]
[SourceVersion "1"]
[SourceVersionDate "2014.11.20"]
[SourceQuality "1"]

1. Nf3 d6 2. g3 e5 3. d3 c6 4. Bg2 Nf6 5. e4 Be7 6. 0-0 0-0 7. Nbd2 Bg4 8. h3 Bd7 9. Nh2 Qc8 10. g4 g6 11. Nc4 b5 12. Ne3 c5 13. Nd5 Nxd5 14. exd5 f5 15. f4 Bf6 16. g5 Bg7 17. c3 Na6 18. Rb1 Rb8 19. h4 c4 20. fxe5 Bxe5 21. d4 Bg7 22. Bf4 Qc7 23. a3 Rbe8 24. Qf3 Re4 25. Qg3 Rxf4 26. Qxf4 Be8 27. Rbe1 Bf7 28. Re2 Re8 29. Rxe8+ Bxe8 30. Re1 Bf7 31. Qe3 Bf8 32. Nf1 Qd7 33. Qf4 Nc7 34. Ne3 Qe7 35. Kf1 Qd7 36. Re2 a6 37. Qf3 Bg7 38. Bh3 Qd8 39. Bg2 Qd7 40. Qf2 Bf8 41. Bf3 Bg7 42. Qg2 Bf8 43. Nd1 Bg7 44. Nf2 a5 45. Nh3 Na6 46. Nf4 b4 47. Ne6 bxc3 48. bxc3 Qa4 49. Ra2 Qb3 50. Qc2 Bxe6 51. dxe6 Kf8 52. Bd5 Ke7 53. Qxb3 cxb3 54. Bxb3 Nc7 55. a4 d5 56. Re2 Bf8 57. c4 dxc4 58. Bxc4 Kd6 59. d5 Be7 60. Rd2 Ne8 61. Rb2 Ng7 62. Rb6+ Kc7 63. Rc6+ Kd8 64. d6 1-0

[Event "Maastricht Limburg op-C 8th"]
[Site "Maastricht"]
[Date "2014.06.09"]
[Round "6"]
[White "Merz, Jean Philippe"]
[Black "Mertens, Yannick"]
[Result "0-1"]
[WhiteElo "1690"]
[BlackElo "1711"]
[PlyCount "54"]
[EventDate "2014.06.06"]
[EventType "swiss"]
[EventRounds "7"]
[EventCountry "NED"]
[SourceTitle "EXT 2015"]
[Source "ChessBase"]
[SourceDate "2014.11.20"]
[SourceVersion "1"]
[SourceVersionDate "2014.11.20"]
[SourceQuality "1"]

1. e4 d6 2. Nc3 Nf6 3. Bc4 g6 4. f4 Bg7 5. Nf3 0-0 6. d3 c6 7. a4 Bg4 8. h3 Bxf3 9. Qxf3 Nbd7 10. 0-0 e5 11. f5 Nb6 12. fxg6 hxg6 13. Bg5 Nbd7 14. Qg3 Qb6+ 15. Kh1 Qxb2 16. Bxf6 Nxf6 17. Qxg6 Qxc3 18. Rxf6 Qxa1+ 19. Kh2 d5 20. Qg5 dxc4 21. h4 Qa3 22. Rh6 f6 23. Qg6 Rf7 24. h5 Qc1 25. Rh7 Qg5 26. Rh8+ Kxh8 27. Qxf7 Rf8 0-1

[Event "Maastricht Limburg op-C 8th"]
[Site "Maastricht"]
[Date "2014.06.06"]
[Round "1"]
[White "Mertens, Yannick"]
[Black "Schlepuetz, Volker"]
[Result "1-0"]
[WhiteElo "1711"]
[BlackElo "1437"]
[PlyCount "81"]
[EventDate "2014.06.06"]
[EventType "swiss"]
[EventRounds "7"]
[EventCountry "NED"]
[SourceTitle "EXT 2015"]
[Source "ChessBase"]
[SourceDate "2014.11.20"]
[SourceVersion "1"]
[SourceVersionDate "2014.11.20"]
[SourceQuality "1"]

1. Nf3 Nf6 2. g3 d5 3. d3 c6 4. Nbd2 Nbd7 5. Bg2 e5 6. e4 Bc5 7. 0-0 0-0 8. Nb3 Be7 9. Re1 Qc7 10. c3 Re8 11. Nbd2 Bd6 12. Nf1 dxe4 13. dxe4 Nc5 14. Qc2 h6 15. h3 Be6 16. g4 Rad8 17. Ng3 Be7 18. Bf1 Rd7 19. b4 Na6 20. Be3 c5 21. b5 Nb8 22. c4 Red8 23. Qc3 Ne8 24. Nf5 f6 25. h4 Nd6 26. Qc2 Nxf5 27. gxf5 Bf7 28. Be2 Rd6 29. Kh1 Nd7 30. Rg1 Kh7 31. Nh2 Nf8 32. Rg2 g6 33. Rag1 g5 34. hxg5 fxg5 35. Ng4 Bf6 36. Rh2 h5 37. Nxf6+ Rxf6 38. Bxg5 Rfd6 39. Bxd8 Qxd8 40. Qc1 Qb6 41. Qg5 1-0

[Event "BEL-ch U12"]
[Site "Blankenberge"]
[Date "2014.04.16"]
[Round "6"]
[White "Dallemagne, Brieuc"]
[Black "Mertens, Yannick"]
[Result "0-1"]
[WhiteElo "1173"]
[BlackElo "1711"]
[PlyCount "60"]
[EventDate "2014.04.13"]
[EventType "swiss"]
[EventRounds "9"]
[EventCountry "BEL"]
[SourceTitle "EXT 2022"]
[Source "ChessBase"]
[SourceDate "2021.10.06"]
[SourceVersion "1"]
[SourceVersionDate "2021.10.06"]
[SourceQuality "1"]

1. e4 d6 2. d4 Nf6 3. f3 g6 4. Bc4 Bg7 5. Ne2 c6 6. Nbc3 Nbd7 7. 0-0 0-0 8. Bg5 h6 9. Be3 b5 10. Bb3 a5 11. a3 Ba6 12. Qd2 Qc7 13. Bxh6 Bxh6 14. Qxh6 b4 15. Na4 Bxe2 16. Rfe1 Bb5 17. Qxg6+ Kh8 18. Bxf7 Rxf7 19. Qxf7 Bxa4 20. b3 Bb5 21. c4 bxc3 22. Qxe7 Re8 23. Qf7 Qb6 24. Rad1 c5 25. e5 dxe5 26. dxe5 Rxe5 27. Rxe5 Nxe5 28. Qf8+ Kh7 29. Qe7+ Kg6 30. Qxe5 c2 0-1

[Event "BEL-ch U12"]
[Site "Blankenberge"]
[Date "2014.04.13"]
[Round "1"]
[White "Collignon, Theo"]
[Black "Mertens, Yannick"]
[Result "0-1"]
[WhiteElo "1110"]
[BlackElo "1711"]
[PlyCount "86"]
[EventDate "2014.04.13"]
[EventType "swiss"]
[EventRounds "9"]
[EventCountry "BEL"]
[SourceTitle "EXT 2022"]
[Source "ChessBase"]
[SourceDate "2021.10.06"]
[SourceVersion "1"]
[SourceVersionDate "2021.10.06"]
[SourceQuality "1"]

1. Nf3 d6 2. g3 Nf6 3. Bg2 g6 4. 0-0 Bg7 5. d3 0-0 6. c4 e5 7. Nc3 c6 8. Bd2 Nbd7 9. Qc1 Re8 10. e4 Nc5 11. Qc2 a5 12. Be3 Ne6 13. Rfd1 c5 14. Qe2 Nd4 15. Bxd4 cxd4 16. Nb5 Bh6 17. a4 Ng4 18. b3 Nxf2 19. Kxf2 Be3+ 20. Kf1 g5 21. h3 f5 22. exf5 Bxf5 23. g4 Bxd3 24. Qxd3 e4 25. Qe2 Qf6 26. Nbxd4 Bxd4 27. Rxd4 exf3 28. Qd2 fxg2+ 29. Kxg2 Rf8 30. Rb1 Rae8 31. Rxd6 Qf3+ 32. Kg1 Qg3+ 33. Kh1 Qxh3+ 34. Kg1 Qxg4+ 35. Qg2 Qxg2+ 36. Kxg2 Re2+ 37. Kg3 Kg7 38. Rd5 Kg6 39. Rxa5 h5 40. Rd5 h4+ 41. Kg4 Rf4+ 42. Kh3 Kh5 43. Rg1 Rf3+ 0-1

[Event "GER-ch U10"]
[Site "Oberhof"]
[Date "2012.06.02"]
[Round "11"]
[White "Mertens, Yannick"]
[Black "Fischer, Elias"]
[Result "1-0"]
[WhiteElo "1701"]
[BlackElo "1377"]
[PlyCount "119"]
[EventDate "2012.05.27"]
[EventType "swiss"]
[EventRounds "11"]
[EventCountry "GER"]
[SourceTitle "CBM 148 Extra"]
[Source "ChessBase"]
[SourceDate "2012.06.22"]
[SourceVersion "1"]
[SourceVersionDate "2012.06.22"]
[SourceQuality "1"]

1. e4 e5 2. Nf3 Nc6 3. d4 exd4 4. c3 Nf6 5. e5 Ng4 6. cxd4 d6 7. h3 Nh6 8. exd6 Bxd6 9. Bc4 Qe7+ 10. Qe2 Qxe2+ 11. Bxe2 Nf5 12. Bb5 0-0 13. Bxc6 bxc6 14. 0-0 Re8 15. Nc3 Ba6 16. Rd1 Re7 17. Bd2 Rae8 18. Re1 Kf8 19. Rxe7 Rxe7 20. Re1 Rxe1+ 21. Bxe1 f6 22. d5 Ne7 23. dxc6 Nxc6 24. Ne4 Bb4 25. Bxb4+ Nxb4 26. Nc5 Bb5 27. Ne6+ Kf7 28. Nxc7 Be2 29. a3 Nd3 30. b4 Ne5 31. Nxe5+ fxe5 32. Nd5 Ke6 33. Nc3 Bc4 34. f3 a6 35. Kf2 g5 36. g3 h6 37. a4 Kd7 38. Ke3 Ke6 39. b5 Kd7 40. Ke4 axb5 41. axb5 Be6 42. Kxe5 Bxh3 43. f4 gxf4 44. Kxf4 Be6 45. Ke5 Ke7 46. b6 Bc8 47. Nb5 Ba6 48. Nd6 Kf8 49. Kf6 h5 50. Kg5 Kg7 51. b7 Bxb7 52. Nxb7 Kh7 53. Kxh5 Kg7 54. g4 Kh7 55. g5 Kg7 56. g6 Kg8 57. Kh6 Kh8 58. g7+ Kg8 59. Na5 Kf7 60. Kh7 1-0

[Event "GER-ch U10"]
[Site "Oberhof"]
[Date "2012.06.01"]
[Round "9"]
[White "Mertens, Yannick"]
[Black "Faal, Marcel"]
[Result "1/2-1/2"]
[WhiteElo "1701"]
[BlackElo "1169"]
[PlyCount "127"]
[EventDate "2012.05.27"]
[EventType "swiss"]
[EventRounds "11"]
[EventCountry "GER"]
[SourceTitle "CBM 148 Extra"]
[Source "ChessBase"]
[SourceDate "2012.06.22"]
[SourceVersion "1"]
[SourceVersionDate "2012.06.22"]
[SourceQuality "1"]

1. e4 c5 2. Nf3 Nc6 3. Nc3 e6 4. Bc4 Nge7 5. d4 Ng6 6. 0-0 cxd4 7. Nxd4 Bc5 8. Be3 Bxd4 9. Bxd4 0-0 10. Bc5 Re8 11. Nb5 a6 12. Nd6 Rf8 13. Nxc8 Rxc8 14. Bxf8 Kxf8 15. Qd2 Kg8 16. Rad1 Nf8 17. Qf4 Nb4 18. Bb3 Nc6 19. c3 Ng6 20. Qd2 Nf8 21. Rfe1 Qc7 22. Qd6 Qd8 23. Ba4 b5 24. Bb3 h6 25. c4 Qb6 26. cxb5 axb5 27. Qd2 Qc5 28. Rc1 Qe5 29. Qc3 Qg5 30. Qe3 Qf6 31. Qd3 Qxb2 32. Qc3 Qa3 33. Re3 Ne7 34. Bc4 Qxc3 35. Rexc3 bxc4 36. Rxc4 Ra8 37. a4 Nc6 38. Ra1 Ng6 39. Rc3 Kh7 40. g3 Nce7 41. f4 d5 42. e5 Nc8 43. a5 Nge7 44. g4 g6 45. Rc7 Ra6 46. Kf2 Kg7 47. Ke3 Kf8 48. Kd4 Ke8 49. Kc5 Kd8 50. Rb7 Na7 51. Rb6 Rxb6 52. axb6 Nac6 53. Ra8+ Kd7 54. Rf8 d4 55. Kc4 Nd5 56. Rxf7+ Kc8 57. Kc5 d3 58. Kxc6 Nb4+ 59. Kb5 d2 60. Rf8+ Kb7 61. Rf7+ Kb8 62. Rf8+ Kb7 63. Rf7+ Kb8 64. Rf8+ 1/2-1/2

[Event "GER-ch U10"]
[Site "Oberhof"]
[Date "2012.05.30"]
[Round "7"]
[White "Mertens, Yannick"]
[Black "Lindow, Max"]
[Result "1-0"]
[WhiteElo "1701"]
[BlackElo "1128"]
[PlyCount "71"]
[EventDate "2012.05.27"]
[EventType "swiss"]
[EventRounds "11"]
[EventCountry "GER"]
[SourceTitle "CBM 148 Extra"]
[Source "ChessBase"]
[SourceDate "2012.06.22"]
[SourceVersion "1"]
[SourceVersionDate "2012.06.22"]
[SourceQuality "1"]

1. e4 e5 2. Nf3 Nc6 3. d4 exd4 4. Bc4 Be7 5. c3 b6 6. Bf4 Bb7 7. 0-0 d6 8. cxd4 Qd7 9. Bb5 a6 10. Ba4 Qg4 11. Qd2 0-0-0 12. h3 Qg6 13. Nc3 Kb8 14. Bc2 Nb4 15. Rfe1 Nxc2 16. Qxc2 Bc8 17. Nd5 Rd7 18. Rac1 Bd8 19. Nxb6 Re7 20. Nxc8 Kxc8 21. Qc6 Nf6 22. Qxa6+ Kd7 23. Qc6+ Kc8 24. Bxd6 Re6 25. Qa8+ Kd7 26. Ne5+ Rxe5 27. Bxe5 Ne8 28. Qa4+ Ke7 29. Qa3+ Nd6 30. Bxd6+ cxd6 31. e5 Kf8 32. Qxd6+ Qxd6 33. exd6 h5 34. d7 Be7 35. Rc8+ Bd8 36. Re8# 1-0

[Event "GER-ch U10"]
[Site "Oberhof"]
[Date "2012.05.29"]
[Round "5"]
[White "Mertens, Yannick"]
[Black "Stork, Oliver"]
[Result "0-1"]
[WhiteElo "1701"]
[BlackElo "1216"]
[PlyCount "86"]
[EventDate "2012.05.27"]
[EventType "swiss"]
[EventRounds "11"]
[EventCountry "GER"]
[SourceTitle "CBM 148 Extra"]
[Source "ChessBase"]
[SourceDate "2012.06.22"]
[SourceVersion "1"]
[SourceVersionDate "2012.06.22"]
[SourceQuality "1"]

1. e4 e5 2. d4 exd4 3. Bc4 Nc6 4. Nf3 Bc5 5. c3 dxc3 6. Bxf7+ Kxf7 7. Qd5+ Ke8 8. Qxc5 d6 9. Qxc3 Nf6 10. 0-0 Be6 11. Ng5 Qe7 12. Nxe6 Qxe6 13. Nd2 Kd7 14. Qg3 Rhg8 15. Re1 Rae8 16. Nb3 Kc8 17. f3 Nb4 18. Qf2 Nd3 19. Qe3 Nxe1 20. Qxe1 d5 21. Qf2 b6 22. Qc2 dxe4 23. Bf4 Nd5 24. Rc1 Qe7 25. Re1 Nxf4 26. Rxe4 Ne6 27. Qc6 Qd6 28. Qc1 Nc5 29. Rc4 Nxb3 30. axb3 Rd8 31. Kf2 Qd2+ 32. Kg3 Qxc1 33. Rxc1 Rd3 34. Ra1 a5 35. b4 Rd5 36. Kh3 Re8 37. bxa5 Rxa5 38. Rd1 Ra2 39. Rd2 c5 40. f4 c4 41. Rc2 b5 42. f5 Re4 43. g4 b4 0-1

[Event "GER-ch U10"]
[Site "Oberhof"]
[Date "2012.05.27"]
[Round "2"]
[White "Dobrikov, Marco"]
[Black "Mertens, Yannick"]
[Result "1-0"]
[WhiteElo "1217"]
[BlackElo "1701"]
[PlyCount "125"]
[EventDate "2012.05.27"]
[EventType "swiss"]
[EventRounds "11"]
[EventCountry "GER"]
[SourceTitle "CBM 148 Extra"]
[Source "ChessBase"]
[SourceDate "2012.06.22"]
[SourceVersion "1"]
[SourceVersionDate "2012.06.22"]
[SourceQuality "1"]

1. e4 e6 2. d4 d5 3. e5 c5 4. c3 Nc6 5. Nf3 Qb6 6. a3 cxd4 7. cxd4 Nge7 8. b4 Nf5 9. Bb2 a6 10. g4 Nfe7 11. Nc3 Ng6 12. Na4 Qd8 13. Qd2 Bd7 14. Nc3 Be7 15. Bd3 Nh4 16. Nxh4 Bxh4 17. Bc2 Bg5 18. Qd3 b5 19. Ne2 a5 20. Qb3 axb4 21. axb4 Rxa1+ 22. Bxa1 Be7 23. Bc3 Qc8 24. 0-0 0-0 25. Ra1 Qb7 26. Qb1 Kh8 27. Bxh7 g6 28. Bxg6 fxg6 29. Qxg6 Rb8 30. Nf4 Bf8 31. Nxe6 Bxe6 32. Qxe6 Bxb4 33. Bxb4 Nxb4 34. Qf6+ Qg7 35. Qd6 Qf8 36. Qxf8+ Rxf8 37. Rb1 Nc6 38. Rxb5 Nxd4 39. Rxd5 Ne2+ 40. Kf1 Nf4 41. Rd6 Kg8 42. h4 Re8 43. Rf6 Nd5 44. Rf5 Nb4 45. h5 Nd3 46. f4 Rf8 47. Rxf8+ Kxf8 48. Kg2 Nxf4+ 49. Kf3 Ne6 50. Ke4 Kg7 51. Kd5 Nf4+ 52. Kd6 Kf7 53. Kd7 Nd5 54. e6+ Kg7 55. e7 Nf6+ 56. Ke6 Ne8 57. g5 Kh7 58. Kf7 Nd6+ 59. Kf8 Kh8 60. g6 Nf5 61. e8Q Ng7 62. Qf7 Ne6+ 63. Ke7 1-0

[Event "Cologne Longerich op 8th"]
[Site "Cologne"]
[Date "2011.08.13"]
[Round "2"]
[White "Mertens, Yannick"]
[Black "Goujov, Alexander"]
[Result "1/2-1/2"]
[WhiteElo "1070"]
[BlackElo "1470"]
[PlyCount "37"]
[EventDate "2011.08.12"]
[EventType "swiss"]
[EventRounds "5"]
[EventCountry "GER"]
[SourceTitle "EXT 2017"]
[Source "ChessBase"]
[SourceDate "2016.10.25"]
[SourceVersion "1"]
[SourceVersionDate "2016.10.25"]
[SourceQuality "1"]

1. e4 c5 2. Nf3 Nc6 3. d4 cxd4 4. Nxd4 e6 5. Nc3 Qc7 6. Be2 Nf6 7. 0-0 a6 8. Bg5 Be7 9. Re1 b5 10. a3 Bb7 11. Nf3 h6 12. Bh4 Ne5 13. Bg3 d6 14. Nxe5 dxe5 15. Bf3 Rd8 16. Qe2 b4 17. axb4 Bxb4 18. Nb5 Qc5 19. c3 1/2-1/2

[Event "Cologne Longerich op 8th"]
[Site "Cologne"]
[Date "2011.08.12"]
[Round "1"]
[White "Sewald, Joerg"]
[Black "Mertens, Yannick"]
[Result "1-0"]
[WhiteElo "1525"]
[BlackElo "1070"]
[PlyCount "77"]
[EventDate "2011.08.12"]
[EventType "swiss"]
[EventRounds "5"]
[EventCountry "GER"]
[SourceTitle "CBM 144 Extra"]
[Source "ChessBase"]
[SourceDate "2011.10.28"]
[SourceVersion "1"]
[SourceVersionDate "2011.10.28"]
[SourceQuality "1"]

1. Nf3 g6 2. e4 Bg7 3. d3 e6 4. g3 Ne7 5. Bg2 0-0 6. 0-0 b6 7. Nbd2 Bb7 8. e5 Nbc6 9. d4 d5 10. c3 Rc8 11. h4 Nf5 12. Ng5 h6 13. Nh3 Re8 14. Nf3 Qe7 15. Nh2 Qd8 16. Bf4 f6 17. exf6 Qxf6 18. Qd2 Na5 19. Ng4 Qf8 20. Ne5 Bxe5 21. dxe5 Nc4 22. Qc1 Ba6 23. Re1 c5 24. Bf1 d4 25. b3 Nxe5 26. Bxe5 Bxf1 27. Rxf1 Rcd8 28. Nf4 Ne7 29. Nxe6 Qf5 30. Nxd8 Qxe5 31. Re1 Qd6 32. Ne6 Nf5 33. Nf4 Rxe1+ 34. Qxe1 dxc3 35. Qxc3 Nd4 36. Re1 g5 37. Qc4+ Kf8 38. Ne6+ Nxe6 39. Qxe6 1-0